Discursos parlamentarios

Αποθηκεύτηκε σε:
Λεπτομέρειες βιβλιογραφικής εγγραφής
Κύριος συγγραφέας: Macaulay, Thomas Babington (autor)
Μορφή: Βιβλίο
Γλώσσα:Ισπανικά
Έκδοση: Madrid Sucesores de Hernando 1910
Σειρά:Blbioteca Clásica, 78
Θέματα:
Ετικέτες: Προσθήκη ετικέτας
Δεν υπάρχουν, Καταχωρήστε ετικέτα πρώτοι!

MARC

LEADER 00000nam a2200000 a 4500
001 UCP9332
003 CL-VaPUC
008 000324e19100000SP |||||||||||||||||spa|d
082 0 4 |a 825  |b MAC  |2 21 
100 |a Macaulay, Thomas Babington  |e autor  |9 514895 
245 1 0 |a Discursos parlamentarios 
300 |a 305 p 
942 |c BK 
945 |d 20000324 00:00:00  |a crobeson 
260 |a Madrid  |b Sucesores de Hernando  |c 1910 
650 0 |a Discursos políticos  |9 373524 
650 0 |a Literatura inglesa  |9 312907 
583 |a last modification  |c 20000324 00:00:00  |k Rodrigo Vera 
490 0 |a Blbioteca Clásica, 78 
999 |c 286157  |d 286155 
952 |0 0  |1 0  |4 0  |6 825_000000000000000_MAC_1910  |7 0  |8 X  |9 331639  |a BIBHIS  |b BIBHIS  |d 2019-11-20  |i 1397664  |o 825 MAC 1910  |p 1397664  |r 2024-01-30  |w 2019-11-20  |y BK_X  |k HIS